| 000 | 00579cam a22001695a 4500 | ||
|---|---|---|---|
| 001 | L156315 | ||
| 008 | 120514s1777 xxk f 000 0 eng d | ||
| 035 | _a(Sirsi) u156315 | ||
| 041 | 0 | _aeng | |
| 100 | 1 |
_aFaden, William _d1750?-1836 |
|
| 245 | 0 | 4 |
_aThe North American atlas _bselected from the most authentic maps, charts, plans, &c. hitherto published |
| 260 |
_aLondon _bPrinted for William Faden _cMDCCLXXVII [1777] |
||
| 300 |
_a[2] p., [28] leaves of plates _bcol. maps (some folded) _c56 cm. (fol.) |
||
| 651 | 4 | _aUnited States | |
| 690 |
_aGeomatics _96242 |
||
| 942 | _n0 | ||
| 999 |
_c114175 _d114175 |
||